Statistics for Word Treasure Hunt

Click here to take the quiz!

General Stats

  • This quiz has been taken 28 times
  • The average score is 11 of 15

Answer Stats

Answer % Correct
Phoenix
92%
Soldier
88%
Athlete
88%
Genocidal
83%
Obituary
79%
Autumn
75%
Shrapnel
75%
Bishop
75%
Thimble
71%
Dolphin
71%
Canopy
71%
Adjust
71%
Llama
54%
Druid
54%
Rhyme
50%

Score Distribution

Percentile by Number Answered

Percent of People with Each Score

Your Score History

You have not taken this quiz